000 00410cam a2200157ua 4500
020 _c1.50
041 _amal
_h
082 _a894.812301
_bMOH/NI
100 _aMohanan, N .
245 _aNinte katha (Enteyum) /
_cN.Mohanan.
_hTextual Documents
260 _aKottayam :
_bSahitya Pravarthaka Co-operative Society ,
_c1961.
300 _a118 ; .
365 _a1.50
942 _cBK
999 _c1017
_d1017